Cities in a foreign language (neun) - Statistics

General Stats
  • This quiz has been taken 26 times
  • The average score is 9 of 15
Answer Stats
City Language English name % Correct
Pešťbudín Slovak Budapest
91%
Riia Estonian Riga
91%
Krokuva Lithuanian Krakow
87%
Albükerk Turkish Albuquerque
78%
Kapstaden Swedish Cape Town
74%
Bissá Icelandic Bissau
65%
Breslau German Wroclaw
61%
Amani Albanian Amman
57%
Muurmanni Finnish Murmansk
57%
Burdeos Spanish Bordeaux
52%
Quảng Châu Vietnamese Guangzhou
35%
Namen Dutch Namur
35%
Bécs Hungarian Vienna
30%
Erruan Basque Rouen
26%
Filippopoli Italian Plovdiv
17%
No matching quizzes found
Score Distribution
Percent of People with Each Score
Percentile by Number Answered
Your Score History
You have not taken this quiz